Villes suisses plus grandes que leur chef-lieu - Statistiques

Statistiques générales
  • Ce quiz a été pris 13 fois
  • Le résultat moyen est 3 sur 6
Statistiques - réponses
Chef-Lieu Ville Pop. % Correct
Bellinzone (TI) Lugano 63 629
100%
Soleure (SO) Olten 19 051
50%
Aarau (AG) Baden 23 853
40%
Liestal (BL) Allschwil 22 155
20%
Schwytz (SZ) Freienbach 17 028
20%
Glaris (GL) Glaris Nord 19 810
20%
Aucun quiz correspondant
Distribution des résultats
% des personnes avec chaque résultat
Percentile par nombre de réponses
Votre historique - résultats
Vous n’avez pas pris ce quiz